Undergraduate Orthopaedics/ (Record no. 205458)

MARC details
000 -LEADER
fixed length control field 00627nam a22002057a 4500
005 - DATE AND TIME OF LATEST TRANSACTION
control field 20240902160425.0
010 ## - LCCN (DPL NO)
LC control number ENG-141553
020 ## - INTERNATIONAL STANDARD BOOK NUMBER
Terms of availability 475.00
International Standard Book Number 9789393662156
035 ## - SYSTEM CONTROL NUMBER
System control number EN-125085
037 ## - SOURCE OF ACQUISITION
Source of stock number/acquisition DBAD
082 ## - DEWEY DECIMAL CLASSIFICATION NUMBER
Classification number 617.3
Edition number 1
100 ## - MAIN ENTRY--PERSONAL NAME
Personal name Banerjee, Kaushik
245 ## - TITLE STATEMENT
Title Undergraduate Orthopaedics/
Statement of responsibility, etc By Kaushik Banerjee
250 ## - EDITION STATEMENT
Edition statement 1
260 ## - PUBLICATION, DISTRIBUTION, ETC. (IMPRINT)
Place of publication, distribution, etc Kolkata
Name of publisher, distributor, etc Academic Publishers
Date of publication, distribution, etc 2023
270 ## - ADDRESS
Address 5A Bhawani Dutta Lane
City Kolkata
Postal code 700073
300 ## - PHYSICAL DESCRIPTION
Extent 230p.
Other physical details 24cm(Pb)
500 ## - GENERAL NOTE
General note In Accordance with NMC CBMC Undergraduate Curriculum 2019
942 ## - ADDED ENTRY ELEMENTS (KOHA)
Source of classification or shelving scheme Dewey Decimal Classification
Item type English Books
Classification part 617.3
Call number suffix BAN
Edition 1
Holdings
Withdrawn status Lost status Not for loan Collection code Home library Current library Date acquired Source of acquisition Cost, normal purchase price Full call number Barcode Copy number Cost, replacement price Koha item type
      Non-fiction Shahdara Branch Shahdara Branch 02/09/2024 Delivery of Books Act Division 475.00 617.3 BAN EN-125085 1 475.00 English Books

© Delhi Public Library
Hit Counter
free hit counter